<?xml version="1.0" encoding="UTF-8"?>
<record
    xmlns:xsi="http://www.w3.org/2001/XMLSchema-instance"
    xsi:schemaLocation="http://www.loc.gov/MARC21/slim http://www.loc.gov/standards/marcxml/schema/MARC21slim.xsd"
    xmlns="http://www.loc.gov/MARC21/slim">

  <leader>01788nam a22002537a 4500</leader>
  <datafield tag="999" ind1=" " ind2=" ">
    <subfield code="c">21980</subfield>
    <subfield code="d">21980</subfield>
  </datafield>
  <controlfield tag="003">AR-CdUCM</controlfield>
  <controlfield tag="008">190425b           ||||| |||| 00| 0 spa d</controlfield>
  <datafield tag="040" ind1=" " ind2=" ">
    <subfield code="a">MUNICIPALIDAD PROVINCIAL DEL CUSCO</subfield>
    <subfield code="c">BIBLIOTECA MUNICIPAL DEL CUSCO</subfield>
  </datafield>
  <datafield tag="082" ind1=" " ind2=" ">
    <subfield code="a">CsyArts/N&#xB0;2/1958</subfield>
  </datafield>
  <datafield tag="245" ind1=" " ind2=" ">
    <subfield code="a">Ciencias y Artes :</subfield>
    <subfield code="b">Revista de Cultura /</subfield>
    <subfield code="c">&#xD3;rgano de la Gran Unidad Escolar Inca Garcilaso de la Vega</subfield>
  </datafield>
  <datafield tag="260" ind1=" " ind2=" ">
    <subfield code="a">Cusco.</subfield>
    <subfield code="b">H.G. Rozas,</subfield>
    <subfield code="c">1958.</subfield>
  </datafield>
  <datafield tag="300" ind1=" " ind2=" ">
    <subfield code="a">125 p&#xE1;ginas. :</subfield>
    <subfield code="b">ilustraciones ;</subfield>
    <subfield code="c">21 cm.</subfield>
  </datafield>
  <datafield tag="440" ind1=" " ind2=" ">
    <subfield code="a">Revista de Cultura Ciencias y Artes.</subfield>
    <subfield code="n">A&#xF1;o II, N&#xFA;mero 2, junio de 1958.</subfield>
    <subfield code="9">47043</subfield>
  </datafield>
  <datafield tag="505" ind1=" " ind2=" ">
    <subfield code="a">Contenido: Cuzco Inmortal. Manuel Cuadros. -- El Inca Garcilaso de la Vega, discurso. Manuel E. Cuadros. -- Finalidad social y democracia de la educaci&#xF3;n secundaria com&#xFA;n. Benjam&#xED;n Rojas D&#xED;az. -- El combate del 2 de mayo de 1866. Federico Monteagudo. -- Homenaje al d&#xED;a del Cusco. C&#xE9;sar S&#xE1;nchez Esquivel. -- El aprendizaje. Hugo Fl&#xF3;rez Ugarte. -- Las leyes nuevas de 1542 y 1543. Horacio Villanueva Urteaga. -- Algunos casos dudosos de acentuaci&#xF3;n ortogr&#xE1;fica. David Samanez F. -- El Cuzco a trav&#xE9;s de los tiempos. Julio Guti&#xE9;rrez. -- Narciso Ar&#xE9;stegui autor del Padre Hor&#xE1;n. Mac Cervantino. --  La educaci&#xF3;n t&#xE9;cnica y el problema ind&#xED;gena. Godofredo Mendoza Contreras. -- Rese&#xF1;a hist&#xF3;rica del Instituto Industrial N&#xB0;4. Augusto Mendoza A. -- Poemas de Mario Ru&#xED;z de Castilla. Mario Escobar Moscoso. Andr&#xE9;s Alencastre. Antonio Durant Teves. Rub&#xE9;n Capar&#xF3;...</subfield>
  </datafield>
  <datafield tag="650" ind1=" " ind2=" ">
    <subfield code="a">Educaci&#xF3;n</subfield>
    <subfield code="9">460</subfield>
  </datafield>
  <datafield tag="650" ind1=" " ind2=" ">
    <subfield code="a">Educaci&#xF3;n t&#xE9;cnica</subfield>
    <subfield code="9">5178</subfield>
  </datafield>
  <datafield tag="650" ind1=" " ind2=" ">
    <subfield code="a">Poes&#xED;a</subfield>
    <subfield code="9">47044</subfield>
  </datafield>
  <datafield tag="700" ind1=" " ind2=" ">
    <subfield code="a">Villanueva Urteaga, Horacio</subfield>
    <subfield code="9">5790</subfield>
  </datafield>
  <datafield tag="700" ind1=" " ind2=" ">
    <subfield code="a">Y&#xE1;bar Moreno, Jorge</subfield>
    <subfield code="9">46561</subfield>
  </datafield>
  <datafield tag="700" ind1=" " ind2=" ">
    <subfield code="a">Escobar Moscoso, Mario</subfield>
    <subfield code="9">31091</subfield>
  </datafield>
  <datafield tag="700" ind1=" " ind2=" ">
    <subfield code="a">Alencastre, Andr&#xE9;s</subfield>
    <subfield code="9">47045</subfield>
  </datafield>
  <datafield tag="942" ind1=" " ind2=" ">
    <subfield code="2">ddc</subfield>
    <subfield code="c">PP</subfield>
  </datafield>
  <datafield tag="945" ind1=" " ind2=" ">
    <subfield code="a">rac</subfield>
  </datafield>
  <datafield tag="952" ind1=" " ind2=" ">
    <subfield code="0">0</subfield>
    <subfield code="2">ddc</subfield>
    <subfield code="4">0</subfield>
    <subfield code="7">0</subfield>
    <subfield code="a">HEM</subfield>
    <subfield code="b">HEM</subfield>
    <subfield code="c">CART</subfield>
    <subfield code="d">2022-02-01</subfield>
    <subfield code="g">10.00</subfield>
    <subfield code="o">CsyArts/N&#xB0;2/1958</subfield>
    <subfield code="p">REVC000485</subfield>
    <subfield code="r">2022-02-01</subfield>
    <subfield code="y">PP</subfield>
  </datafield>
  <datafield tag="952" ind1=" " ind2=" ">
    <subfield code="0">0</subfield>
    <subfield code="2">ddc</subfield>
    <subfield code="4">0</subfield>
    <subfield code="7">0</subfield>
    <subfield code="a">HEM</subfield>
    <subfield code="b">HEM</subfield>
    <subfield code="c">CART</subfield>
    <subfield code="d">2022-02-01</subfield>
    <subfield code="g">10.00</subfield>
    <subfield code="o">CsyArts/N&#xB0;2/1958/e.2</subfield>
    <subfield code="p">REVC000486</subfield>
    <subfield code="r">2022-02-01</subfield>
    <subfield code="y">PP</subfield>
  </datafield>
</record>
